Szállítmányozás a gyakorlatban

Bibliográfiai részletek
Szerző: Csabina Martin
További közreműködők: Domboróczky Dr. Zoltán
Dokumentumtípus: Projektmunka
Kulcsszavak:áruszállítás
digitalizáció
fenntarthatóság
közúti árufuvarozás
szállítmányozás
Online Access:http://dolgozattar.uni-bge.hu/59980

MARC

LEADER 00000nnm a2200000 i 4500
001 dolg59980
005 20260409145827.0
008 260409suuuu hu o 000 hun d
040 |a BGE Dolgozattár Repozitórium  |b hun 
041 |a hu 
100 1 |a Csabina Martin 
245 1 0 |a Szállítmányozás a gyakorlatban  |c Csabina Martin  |h [elektronikus dokumentum] 
516 |a Project_work 
520 3 |a Dolgozatomban a szállítmányozás gyakorlati működését vizsgálom, különös tekintettel annak jelenlegi helyzetére, a technológiai fejlődésre és a fenntarthatósági szempontokra. A téma alapos megértéséhez rövid történeti áttekintést nyújtok, rávilágítva arra, hogy a szállítmányozás mindig is meghatározó szerepet játszott a gazdasági és társadalmi életben. Kutatásom középpontjában az SRT Trans Kft. áll, egy dinamikusan fejlődő, fiatal vállalkozás, amely példaként szolgál arra, hogyan képes egy kisebb piaci szereplő alkalmazkodni a versenykörnyezethez és a piaci kihívásokhoz. A cég működésének bemutatása mellett részletesen elemzem a szállítmányozói tevékenység egyes lépéseit és az alkalmazott rendszereket. Kutatásomat személyes interjúk segítségével végeztem az SRT Trans munkatársaival, amelyek révén mélyebb betekintést nyertem a cég mindennapi működésébe. Az kvalitatív kutatás eredményei hozzájárulnak a szállítmányozási gyakorlat átfogóbb megértéséhez és a szektor aktuális kihívásainak feltárásához. 
695 |a áruszállítás 
695 |a digitalizáció 
695 |a fenntarthatóság 
695 |a közúti árufuvarozás 
695 |a szállítmányozás 
700 1 |a Domboróczky Dr. Zoltán  |e ths 
856 4 0 |u http://dolgozattar.uni-bge.hu/59980/1/Csabina_Martin_BGE_Projektmunka.pdf  |z Dokumentum-elérés 
856 4 0 |u http://dolgozattar.uni-bge.hu/59980/2/Csabina_Martin_KM%20FOSZK%20b%C3%ADr%C3%A1lati%20lap.pdf  |z Dokumentum-elérés